Songs that start with V by lyrics - Statistics

General Stats
  • This quiz has been taken 18 times
  • The average score is 7 of 25
Answer Stats
Hint Answer % Correct
"I used to rule the world. Seas would rise when I gave the word." (Coldplay) Viva La Vida
69%
"Goddess on the mountain top, burning like a silver flame." (Bananarama) Venus
63%
"I know a place where you can get away. It's called a dance floor, and here's what it's for." (Madonna) Vogue
56%
"So cool, she was like jazz on a summer's day. Music high and sweet, then she just flew away." (Steve Winwood) Valerie
50%
"Chewing on a piece of grass, Walking down the road.Tell me, how long you gonna stay here Joe?" (America) Ventura Highway
50%
"And now we meet in an abandoned studio (oh).We hear the playback and it seems so long ago." (The Buggles) Video Killed the Radio Star)
50%
"A week without you, Thought I'd forget. Two weeks without you and IStill haven't gotten over you yet." (The Gogos) Vacation
44%
"Starry, starry night, Flaming flowers that brightly blaze, Swirling clouds in violet haze." (Don MacLean) Vincent
44%
"He wants me, but only part of the time. He wants me, if he can keep me in line." (Til Tuesday) Voices Carry
38%
"There's a thousand pretty women waitin' out there. And they're all livin' the devil may care." (Elvis Presley) Viva Las Vegas
31%
"I didn't mean to take you up all your sweet time. I'll give it right back to you one of these days." (Jimi Hendrix) Voodoo Child
31%
"But you know that when the truth is told. That you can get what you want or you can just get old. You're gonna kick off before you even get halfway. (Billy Joel) Vienna
25%
"Ground she's movin' under me. Tidal waves out on the sea. Sulphur smoke up in the sky.Pretty soon we learn to fly " (Jimmy Buffet) Volcano
25%
"'Cause I've made some real big mistakes. But you make the worst one look fine.I should've known it was strange." (Olivia Rodrigo) Vampire
19%
"They say that the world was built for two. Only worth living if somebody is loving you.And, baby, now you do." (Lana del Rey) Video Games
19%
"For useless, twisting of our new technology. Oh, now there is no sound for we all live underground "(Jamiroquai) Virtual Insanity
19%
"Sitting on a pebble by the river playing guitar. Wondering if we're really ever gonna get that far." (Julian Lennon) Valotte
6%
"He's silent and quick, just like Oliver Twist. Before it's over, your pocket is clean. A four-legged thief paid a visit on you." (John Fogerty) Vanz Kant Danz
6%
"She used to have a carefree mind of her own and a delicate look in her eye." (Elvis Costello) Veronica
6%
"I'm like a scarf trick, it's all up the sleeve. I taste like magic, waves that swallow quick and deep." (Panic! At the Disco) Victorious
6%
"People everywhere. A sense of expectation hanging in the air, Giving out a spark." (ABBA) Voulez-Vouz
6%
"And the clouds above move closer, looking so dissatisfied." (Linkin Park) Valentine's Day
0%
"The chef prepares a special menu. For your delight, oh my.Tonight you fly, so high up." (Paul McCartney) Vanilla Sky
0%
"You treated me kind. Sweet destiny." (Mariah Carey) Vision of Love
0%
"Baby, I'm spinning 'round the corner. It's tasting kinda lonely. And my mind wants to control me." (Melanie Martinez) Void
0%
No matching quizzes found
Score Distribution
Percent of People with Each Score
Percentile by Number Answered
Your Score History
You have not taken this quiz